|
|
|
|
| LEADER |
00795cam a2200241 7i4500 |
| 001 |
0000063068 |
| 005 |
20211015090000.0 |
| 020 |
|
|
|a 9780716023784 (electronic book)
|
| 090 |
0 |
0 |
|a TX601
|b .P45 2014
|
| 100 |
1 |
|
|a Peacock, Diana
|
| 245 |
1 |
0 |
|a Traditional country preserving
|c Diana Peacock.
|
| 264 |
|
|
|a London:
|b Constable & Robinson,
|c 2014.
|
| 300 |
|
|
|a 1 online resource:
|b text file, PDF.
|
| 336 |
|
|
|a text
|2 rdacontent
|
| 337 |
|
|
|a computer
|2 rdamedia
|
| 338 |
|
|
|a online resource
|2 rdacarrier
|
| 650 |
|
0 |
|a Canning and preserving
|
| 650 |
|
0 |
|a Cooking (Fruit)
|
| 650 |
|
0 |
|a Fruit --
|x Preservation
|
| 655 |
|
0 |
|a Electronic books
|
| 856 |
4 |
2 |
|u http://library.unisel.edu.my/web/guest/mylibrary
|
| 997 |
|
|
|a Health Sciences, Faculty
|
| 999 |
|
|
|a EBO0007700
|b EBOOK
|c EBOOK
|e Electronic resources
|